Easy Guitar : (Record no. 115589)
[ view plain ]
| 000 -LEADER | |
|---|---|
| fixed length control field | 00434nam a2200157Ia 4500 |
| 008 - FIXED-LENGTH DATA ELEMENTS--GENERAL INFORMATION | |
| fixed length control field | 140429s9999 xx 000 0 und d |
| 050 ## - LIBRARY OF CONGRESS CALL NUMBER | |
| Classification number | MT 582 |
| Item number | .Ea13 v.4 |
| 245 ## - TITLE STATEMENT | |
| Title | Easy Guitar : |
| Remainder of title | illustrated guitar book for begginers / |
| 260 ## - PUBLICATION, DISTRIBUTION, ETC. (IMPRINT) | |
| Place of publication, distribution, etc | Makaty City : |
| Name of publisher, distributor, etc | Sound Pub. Corp., |
| 300 ## - PHYSICAL DESCRIPTION | |
| Extent | 300 p. : |
| Other physical details | ill. ; |
| Dimensions | 22 cm. |
| 440 ## - SERIES STATEMENT/ADDED ENTRY--TITLE | |
| Volume number/sequential designation | vol. 4 |
| 521 ## - TARGET AUDIENCE NOTE | |
| Target audience note | |
| 650 ## - SUBJECT ADDED ENTRY--TOPICAL TERM | |
| Topical term or geographic name as entry element | Guitar |
| General subdivision | Chord diagrams. |
| 942 ## - ADDED ENTRY ELEMENTS (KOHA) | |
| Call number prefix | Local |
| Koha item type | Books |
| Withdrawn status | Lost status | Source of classification or shelving scheme | Damaged status | Home library | Current library | Shelving location | Date acquired | Source of acquisition | Cost, normal purchase price | Total Checkouts | Full call number | Barcode | Date last seen | Price effective from | Koha item type |
|---|---|---|---|---|---|---|---|---|---|---|---|---|---|---|---|
| Library of Congress Classification | College Library | College Library | Filipiniana Section | 04/29/2014 | Library Fund | 249.00 | MT 582 .Ea13 v.4 | C16919 | 05/08/2018 | 04/29/2014 | Books |